| 000 | 00414nam a22001697a 4500 | ||
|---|---|---|---|
| 003 | BD-DhUIB | ||
| 005 | 20251012180105.0 | ||
| 008 | 251012b |||||||| |||| 00| 0 eng d | ||
| 040 |
_aBD-DhUIB _cBD-DhUIB |
||
| 050 | _a658.4038 | ||
| 082 | _222 | ||
| 100 |
_aLaudon, Kennenth C. _9987 |
||
| 245 |
_aManagement information system/ _cby Mennenth C. Laudon |
||
| 250 | _a14th ed. | ||
| 526 | _aBBA. | ||
| 942 |
_2ddc _cBK |
||
| 999 |
_c526 _d526 |
||